| 000 | 00906nas a2200265 4500 | ||
|---|---|---|---|
| 001 | BR9511842 | ||
| 003 | BR-BrBNA | ||
| 005 | 20231205095619.0 | ||
| 007 | ta | ||
| 008 | 230509b bl.|||p| |||| 00| 00por d | ||
| 040 |
_aBR-BrBNA _bpor _cBiblioteca Nacional de Agricultura |
||
| 041 | _a(Pt) | ||
| 072 | _aF02 | ||
| 100 | 1 | _aMarodin, G.A.B. | |
| 100 | 1 | _aFrancisconi, A.H.D. | |
| 100 | 1 | _aGallois, E.S.P. | |
| 111 | 1 |
_a12. Congresso Brasileiro de Fruticultura _cPorto Alegre, RS (Brazil) _d17-22 Jan 1993 |
|
| 245 | 1 | _aEfeito de produtos quimicos na quebra de dormencia e producao da pereira (Pyrus communis L.)cv. Packham's Triumph | |
| 650 | _aPera | ||
| 650 | _aVariedade | ||
| 650 | _aQuebra da Dormencia | ||
| 773 | 0 |
_tRevista Brasileira de Fruticultura (Brazil) _xISSN 0100-2945 _g(1992), v. 14(1) p. 155-160 _wBR9511842 |
|
| 909 |
_a202311 _bLúcia _c55 _dLúcia Elande |
||
| 942 |
_2AGRIS _n0 _cANA |
||
| 999 |
_c151701 _d151701 |
||